00367 a2200145 4500003000400000005001700004008004100021040000900062082001800071100003300089245004600122250001200168260003200180300000900212OSt20240125125302.0240125b |||||||| |||| 00| 0 eng d coclc a297.61bBUK/I aBukhari, Sayyid Swalahudheen aImam Malik /cSayyid Swalahudheen Bukhari a3rd ed. aCalicut:bIPB Books,c2021. a46p.